000 00447nam a2200145Ia 4500
005 20251222140034.0
008 251222s1900||||xx |||||||||||||| ||spa||
020 _a978-612-4194-07-8
082 _a375.001.85/L28/2014
100 _aLatorre Ariño, Marino
245 0 _aDiseño Curricular por Capacidades y Competencias en la Educación Superior
250 _a2a.ed.
264 _bFondo Editorial Universidad Marcelino de Champagnat
942 _cLIB
999 _c3043
_d3043